| 000 | 00726nam a2200241Ia 4500 | ||
|---|---|---|---|
| 003 | OSt | ||
| 005 | 20251030123915.0 | ||
| 008 | 210716s2003 xx 000 0 und d | ||
| 020 | _a8176567396 | ||
| 040 | _cAIMIT LIBRARY | ||
| 041 | _aeng | ||
| 082 |
_a005.8 _22 _bBREC |
||
| 100 |
_aBrenton, Chris. _9243244 |
||
| 245 |
_aMastering network security / _cBy Chris Brenton and Cameron Hunt. |
||
| 250 | _a2nd ed. | ||
| 260 |
_aNew Delhi : _bBPB Publications , _c2003. |
||
| 300 |
_axvi,490p. ; _bPB _c24.1 cm |
||
| 650 |
_aTopology security _9243245 |
||
| 650 |
_aIntrusion detection system _9243246 |
||
| 650 |
_aThe anatomy of an attack _9243247 |
||
| 700 |
_aHunt, Cameron. _9243248 |
||
| 942 |
_2ddc _cBK _e2nd _k005.8 BREC |
||
| 999 |
_c186062 _d186062 |
||